Estadísticas para Historia por Letra - V

Haz click aquí para tomar la prueba!

Estadísticas generales

  • Esta prueba ha sido tomada 1.787 veces
  • La puntuación promedio es 8 de 20

Estadísticas de respuestas

PistaRespuesta% Correcto
La ciudad estado italiana y el poder naval de la Edad MediaVenecia
92%
Los asaltantes nórdicos que aterrorizaron a EuropaVikingos
92%
La ciudad que fue el centro de la música clásica alrededor de 1800Viena
80%
Persona que jura lealtad a cambio de un feudoVasallo
71%
Río en cuyas orillas se libró la batalla de StalingradoVolga
63%
El estado de los EE.UU. que fue brevemente una nación independienteVermont
59%
El duque de Valaquia que empalaba a la genteVlad
53%
El grupo guerrillero comunista de Vietnam del SurViet Cong
45%
La tribu germánica que saqueó Roma en el 455Vándalos
39%
Término romano para "salida", no es en realidad un lugar donde la gente vomitóVomitorio
39%
Edward Jenner inventó la primera _____ en 1798Vacuna
36%
Explorador del estrecho de PugetGeorge Vancouver
32%
Autor mononímico de "Cándido"Voltaire
20%
El homónimo de dos continentesAmérico Vespucio
18%
Colonia nórdica en el CanadáVinland
17%
La traducción oficial de la Biblia en latínVulgata
17%
Grupo de antiguas escrituras hindúesVedas
16%
Estilo de espectáculo de variedades popular alrededor de 1900Vodevil
13%
El magnate ferroviario americano, una de las personas más ricas de la historiaCornelius
Vanderbilt
10%
El estilo de la barba de V.I. Lenin y Carlos IVan Dyke
7%

Distribución de puntuación

Porcentaje por número respondido

Porcentaje de gente con cada puntuación

Historial de tus puntuaciones

No has tomado esta prueba